Catálogo público

Agriscience & Technology / (Record no. 200307)

MARC details
000 -CABECERA
campo de control de longitud fija 00664nam a2200253Ia 4500
001 - NÚMERO DE CONTROL
campo de control Para_1689
003 - IDENTIFICADOR DEL NÚMERO DE CONTROL
campo de control CHAP
008 - DATOS DE LONGITUD FIJA--INFORMACIÓN GENERAL
campo de control de longitud fija 220125s1992 xx 000 0 und d
010 ## - NÚMERO DE CONTROL DE LA BIBLIOTECA DEL CONGRESO
Número de control de LC 200307
040 ## - FUENTE DE LA CATALOGACIÓN
Centro/agencia transcriptor CHAP
082 ## - NÚMERO DE LA CLASIFICACIÓN DECIMAL DEWEY
Número de clasificación PA 631 B8
100 ## - ENTRADA PRINCIPAL--NOMBRE DE PERSONA
Nombre de persona Burton, L. DeVere
9 (RLIN) 165184
245 ## - MENCIÓN DE TÍTULO
Título Agriscience & Technology /
Mención de responsabilidad, etc. by L. DeVere Burton
260 ## - PUBLICACIÓN, DISTRIBUCIÓN, ETC.
Lugar de publicación, distribución, etc. USA. :
Nombre del editor, distribuidor, etc. Delmar Publishers Ine
300 ## - DESCRIPCIÓN FÍSICA
Extensión 326 p.
650 ## - PUNTO DE ACCESO ADICIONAL DE MATERIA--TÉRMINO DE MATERIA
Término de materia o nombre geográfico como elemento de entrada Agricultura
Subdivisión general innovaciones tecnológicas
9 (RLIN) 1565
901 ## - ELEMENTOS DE DATOS A LOCAL LDA (RLIN)
a PA 631 B8
902 ## - ELEMENTOS DE DATOS B LOCAL, LDB (RLIN)
a A
905 ## - ELEMENTOS DE DATOS E LOCAL, LDE (RLIN)
a 0000001992 a 0000000000 00
910 ## - DATOS DE OPCIÓN DEL USUARIO (OCLC)
Datos de opción del usuario 1992
942 ## - ELEMENTOS DE PUNTO DE ACCESO ADICIONAL (KOHA)
Tipo de ítem Koha Parasitologia_
942 ## - ELEMENTOS DE PUNTO DE ACCESO ADICIONAL (KOHA)
Tipo de ítem Koha Parasitologia_
-- 1
Holdings
Estado de retiro Estado de pérdida Fuente del sistema de clasificación o colocación Estado dañado Restricciones de uso No para préstamo Código de colección Localización permanente Ubicación/localización actual Fecha de adquisición Número de inventario Total de préstamos Signatura topográfica completa Código de barras Fecha visto por última vez Número de copia Precio válido a partir de Tipo de ítem Koha Nota pública
    Dewey Decimal Classification   Préstamo 3 días   General Parasitologia Agricola Parasitologia Agricola 27/10/2005 (PA_7395) (No. UACh C/E)   PA 631 B8 4102001493 25/01/2022 Ej.1 25/01/2022 Libro 3